Las principales decisiones de las cámaras de reuniones de la Suprema Corte de Justicia en materia penal , durante la vigencia del Código Procesal Penal 2005-2009. (Record no. 23746)
[ view plain ]
| 000 -CABECERA | |
|---|---|
| campo de control de longitud fija | 00837nam a2200205 a 4500 |
| 001 - NÚMERO DE CONTROL | |
| campo de control | 000024252 |
| 005 - FECHA Y HORA DE LA ÚLTIMA TRANSACCIÓN | |
| campo de control | 20200930022840.0 |
| 008 - DATOS DE LONGITUD FIJA--INFORMACIÓN GENERAL | |
| campo de control de longitud fija | 110125s2010 dr 000 0 spa d |
| 040 ## - FUENTE DE LA CATALOGACIÓN | |
| Centro catalogador/agencia de origen | DO-SdBNP |
| Lengua de catalogación | spa |
| Centro/agencia transcriptor | BNPHU |
| 082 ## - NÚMERO DE LA CLASIFICACIÓN DECIMAL DEWEY | |
| Número de clasificación | 345.05 |
| Número de documento/Ítem | R426s |
| 110 1# - ENTRADA PRINCIPAL--NOMBRE DE ENTIDAD CORPORATIVA | |
| Nombre de entidad corporativa o nombre de jurisdicción como elemento de entrada | República Dominicana. |
| Unidad subordinada | Suprema Corte de Justicia. |
| 9 (RLIN) | 7906 |
| 245 14 - MENCIÓN DE TÍTULO | |
| Título | Las principales decisiones de las cámaras de reuniones de la Suprema Corte de Justicia en materia penal , durante la vigencia del Código Procesal Penal 2005-2009. |
| 260 ## - PUBLICACIÓN, DISTRIBUCIÓN, ETC. | |
| Lugar de publicación, distribución, etc. | Santo Domingo : |
| Nombre del editor, distribuidor, etc. | Suprema Corte de Justicia, |
| Fecha de publicación, distribución, etc. | 2010. |
| 300 ## - DESCRIPCIÓN FÍSICA | |
| Extensión | 592 p. ; |
| Dimensiones | 22 cm. |
| 500 ## - NOTA GENERAL | |
| Nota general | Incluye índice cronológico |
| 590 ## - NOTA LOCAL (RLIN) | |
| Nota local | Inventariado,2018/DG |
| 650 #4 - PUNTO DE ACCESO ADICIONAL DE MATERIA--TÉRMINO DE MATERIA | |
| Término de materia o nombre geográfico como elemento de entrada | Procedimiento penal |
| Subdivisión geográfica | República Dominicana |
| 9 (RLIN) | 14474 |
| 650 #4 - PUNTO DE ACCESO ADICIONAL DE MATERIA--TÉRMINO DE MATERIA | |
| Término de materia o nombre geográfico como elemento de entrada | Derecho penal |
| Subdivisión geográfica | República Dominicana |
| 9 (RLIN) | 16470 |
| 910 ## - DATOS DE OPCIÓN DEL USUARIO (OCLC) | |
| Datos de opción del usuario | Validado. Control de calidad MFF |
| Estado de retiro | Estado de pérdida | Restricciones de uso | No para préstamo | Código de colección | Localización permanente | Ubicación/localización actual | Ubicación en estantería | Fecha de adquisición | Número de inventario | Total de préstamos | Signatura topográfica completa | Código de barras | Fecha visto por última vez | Número de copia | Precio válido a partir de | Tipo de ítem Koha |
|---|---|---|---|---|---|---|---|---|---|---|---|---|---|---|---|---|
| Dominicana de Servicio | General | General | Depósito | 25.01.2011 | LF1 | 345.05 R426s | 24252-30 | 25.06.2020 | e. 3 | 25.06.2020 | Libro y Folleto Colección Dominicana de Servicio | |||||
| Dominicana de Servicio | General | General | Depósito | 25.01.2011 | LF1 | 345.05 R426s | 24252-40 | 25.06.2020 | e. 4 | 25.06.2020 | Libro y Folleto Colección Dominicana de Servicio | |||||
| Dominicana de Servicio | General | General | Depósito | 11.02.2015 | LF1 | 345.05 R426s | 24252-50 | 25.06.2020 | e. 5 | 25.06.2020 | Libro y Folleto Colección Dominicana de Servicio | |||||
| Excluido de préstamo | Patrimonio Dominicano | Patrimonio Dominicano | Patrimonio Dominicano | Depósito | 25.01.2011 | LF1 | 345.05 R426s | 24252-10 | 25.06.2020 | 25.06.2020 | Libro y Folleto Colección Patrimonio Dominicano | |||||
| Excluido de préstamo | Patrimonio Dominicano | Patrimonio Dominicano | Patrimonio Dominicano | Depósito | 25.01.2011 | LF1 | 345.05 R426s | 24252-20 | 25.06.2020 | e. 2 | 25.06.2020 | Libro y Folleto Colección Patrimonio Dominicano |
